Statistics for Top 15 Hip-Hop artists With The Most #1 Songs

Click here to take the quiz!

General Stats

  • This quiz has been taken 83 times
    (70 since last reset)
  • The average score is 5 of 15

Answer Stats

Amount Of #1 SongsPostionArtist% Correct
291stDrake
89%
512thEminem
84%
112ndKanye West
82%
112ndLil Wayne
44%
77th50 Cent
38%
104thNicki Minaj
28%
68thIce Cube
26%
68thCardi B
23%
512thPost Malone
21%
512thRihanna
15%
68thNelly
13%
512thChris Brown
10%
104thPuff Daddy
8%
77thT.I.
7%
86thLL Cool J
5%

Score Distribution

Percentile by Number Answered

Percent of People with Each Score

Your Score History

You have not taken this quiz since the last reset